00641nam a2200193Ia 450000500170000000800410001702000230005804000190008104100120010008200150011224500690012726000540019630000180025050400500026865000470031865100510036570000210041685000100043720230209143552.0131103s9999 xx 000 0 und d a300091397cRs 1336 aLoreto College aEnglish a820.9bLIU aOld English literatureb critical essays cEdited by R.M. Liuzza aNew Haven and LondonbYale University Pressc2002 axxxviii,479p  aIncludes bibliographical references and index aEnglish Literature - History and Criticism aOld English literature - History and Criticism aLiuzza, R.M., ed aLCLIB